000
00308nam a2200133Ia 4500
008
191201s2013 xx 000 0 und d
100
_a
MURPHY, Herta A
245
0
_a
Effective Business Communication
250
_a
Rep
260
_a
New Delhi
_b
TMH
_c
2013
300
_a
619
650
_a
BBA
942
_2
ddc
_c
BK
999
_c
5963
_d
5963